000 00552nam a2200205Ia 4500
005 20250508170023.0
008 008 250505s9999 xx 000 0 eng d
020 _aISSN NO. 2320-8201
037 _aTextual
040 _aFEDL
_beng
_cFEDL
041 _aeng
_2eng
084 _a371.26, STA
_qFEDL
100 _aStanley Todd
_9782742
245 0 _aCreating life- long learners
260 _aNew Delhi, India
_bSage
_c2016
300 _axi, 155p.
365 _aINR
_b650
942 _cTEXL
_h371.26, STA
999 _c1398722
_d1398722